00948nam a2200241 a 4500001001000000003000500010005001700015008004100032010001100073011001100084040000900095100003500104245017200139260004100311500006000352502007500412650002800487650003600515650003700551700003200588856001600620856007000636000114577CHAP20220329144447.0180306s2017 mx |sm |||||||spa d a111038 a112010 cCHAP1 aAndrade Moreno, Edgar Efraín10aComportamiento productivo de dos genotipos (Gran San Gabriel y 202700) de Lotus corniculatus L. en invierno-primaverah[En línea]cpor Edgar Efraín Andrade Moreno. aChapingo, Méx. :bEl autor,c2017. aPara ver el contenido del material haga clic en la liga aTesis (Ing. Agr. Esp. en Zootecnia) -- UACH. Departamento de Zootecnia14aForrajesxProducción.14aLotus corniculatusxGenética.14aLotus corniculatusxRendimiento.1 aOlguín Vitales, Marciano. a1 n0000361 aFinding aiduhttp://10.13.5.2/tesis/sist114577.pdfzTeclea aquí